Los fichajes más caros del fútbol - Laterales - Estadísticas

Estadísticas generales
  • Esta prueba ha sido intentada 74 veces
  • La puntuación promedio es 8 de 10
Estadísticas de respuestas
Coste (M €) Temporada Nacionalidad Último club Nuevo club Jugador % Correcto
68,00 2021-2022 Marruecos Inter PSG Achraf Hakimi
99%
65,30 2022-2023 España Brighton Chelsea Marc Cucurella
96%
57,50 2017-2018 Francia Mónaco Manchester City Benjamin Mendy
93%
48,00 2019-2020 Francia Lyon Real Madrid Ferland Mendy
93%
65,00 2019-2020 Portugal Juventus Manchester City João Cancelo
91%
80,00 2019-2020 Francia Atlético Madrid Bayern Múnich Lucas Hernández
91%
52,70 2017-2018 Inglaterra Tottenham Manchester City Kyle Walker
86%
58,50 2021-2022 Inglaterra Brighton Arsenal Ben White
76%
55,00 2019-2020 Inglaterra Crystal Palace Manchester United Aaron Wan-Bissaka
61%
50,20 2020-2021 Inglaterra Leicester Chelsea Ben Chilwell
59%
No se encontraron pruebas coincidentes
Distribución de puntuación
Porcentaje de gente con cada puntuación
Porcentaje por número respondido
Historial de tus puntuaciones
No has intentado esta prueba.